000 00479nam a2200169 i 4500
001 59876
003 ES-MaACL
005 20250717063023.0
007 t|
008 031031s1930 ve ||||1| spa d
100 1 _aEscala, Víctor Hugo,
_d1887-1964
_947456
245 1 0 _aGlosario sentimental /
_cVíctor H. Escala.
260 _aCaracas :
_bElite,
_c1930 (
_fVargas)
300 _a239 p. ;
_c21 cm.
852 _aES-MaACL
_jB-12812
_bR.29430
999 _c59876
_d59876